000 00219 a2200097 4500
020 _a299992000000
041 _aeng
100 1 _aButler, John A.,
_d1927-2017.
245 1 0 _aMerchant marine /
_cJohn A. Butler.
942 _cBK
999 _c28152
_d28152